000 00577nam a2200193 a 4500
005 20240924064525.0
008 991125c1968 par 000 0 fre u
035 _aUPN01000023623
049 _aCG
050 4 _aLB1195
_bA5.4
100 1 _aAndraud, A.
245 1 4 _aLes exercises de langage á l'école maternelle /
_bpar A. Andraud : préf. S. Herbiniére Lebert.
260 _aParís :
_bF. Nathan,
_c1968.
300 _a62 p. :
_bil.
440 0 _aL'education enfantine. Comment faire?
650 4 _aEducación preescolar
_91517
905 _aLibro
999 _c23623
_d23623